Statistics for A-Z "Burg" Cities

Click here to take the quiz!

General Stats

  • This quiz has been taken 77 times
    (35 since last reset)
  • The average score is 9 of 17

Answer Stats

LetterCountryAnswerPopulation% Correct
HGermanyHamburg1,798,836
97%
JSouth AfricaJohannesburg752,349
93%
EUnited KingdomEdinburgh448,624
86%
GSwedenGothenburg491,630
86%
NGermanyNuremberg510,602
83%
SRussiaSt. Petersburg4,926,282
79%
YRussiaYekaterinburg1,365,266
76%
AGermanyAugsburg266,647
59%
MGermanyMagdeburg232,364
55%
DGermanyDuisburg488,005
52%
ORussiaOrenburg551,747
38%
RGermanyRegensburg136,577
34%
TNetherlandsTilburg206,240
34%
WGermanyWürzburg133,808
28%
PSouth AfricaPietermaritzburg405,385
21%
FDenmarkFrederiksberg100,637
14%
BSouth AfricaBoksburg263,179
3%

Score Distribution

Percentile by Number Answered

Percent of People with Each Score

Your Score History

You have not taken this quiz since the last reset